Clubs ayant participé à la Ligue des Champions depuis la saison 20-21 - Statistiques

Statistiques générales
  • Ce quiz a été pris 93 fois
    10 depuis la dernière actualisation
  • Le résultat moyen est 43 sur 79
Statistiques - réponses
Pays du club
Nombre participation
meilleur résultat pire résultat dernière apparition Club % Correct
Allemagne 3 huitième poule / ligue 25-26 Bayer Leverkusen
100%
Allemagne 6 demi quart 25-26 Bayern Munich
100%
Italie 4 demi poule / ligue 24-25 AC Milan
88%
Espagne 6 quart poule / ligue 25-26 Atletico Madrid
88%
Portugal 5 quart poule / ligue 25-26 Benfica Lisbonne
88%
Allemagne 6 finale poule / ligue 25-26 Borussia Dortmund
88%
Angleterre 4 victoire quart 25-26 Chelsea
88%
Espagne 6 quart poule / ligue 25-26 FC Barcelone
88%
Autriche 5 huitième poule / ligue 24-25 FC Salzbourg
88%
Italie 6 finale poule / ligue 25-26 Inter Milan
88%
Italie 5 huitième poule / ligue 25-26 Juventus
88%
Angleterre 5 finale huitième 25-26 Liverpool
88%
Angleterre 6 victoire barrages 25-26 Manchester City
88%
Angleterre 3 huitième poule / ligue 23-24 Manchester United
88%
France 6 victoire huitième 25-26 Paris Saint-Germain
88%
Allemagne 5 huitième poule / ligue 24-25 RB Leipzig
88%
Espagne 6 victoire demi 25-26 Real Madrid
88%
Pays-Bas 4 huitième poule / ligue 25-26 Ajax Amsterdam
75%
France 2 barrages barrages 25-26 AS Monaco
75%
Portugal 4 quart poule / ligue 23-24 FC Porto
75%
Italie 3 quart huitième 25-26 Naples
75%
France 3 poule / ligue poule / ligue 25-26 Olympique de Marseille
75%
Pays-Bas 3 huitième huitième 25-26 PSV Eindhoven
75%
Portugal 4 huitième poule / ligue 25-26 Sporting CP
75%
France 1 barrages barrages 24-25 Stade Brestois
75%
Angleterre 3 quart quart 25-26 Arsenal
63%
Italie 4 huitième poule / ligue 25-26 Atalanta Bergame
63%
Espagne 1 - - 25-26 Athletic Bilbao
63%
Écosse 3 barrages poule / ligue 24-25 Celtic
63%
Belgique 5 huitième poule / ligue 25-26 Club Bruges
63%
Espagne 4 huitième poule / ligue 23-24 FC Séville
63%
Turquie 2 poule / ligue poule / ligue 25-26 Galatasaray
63%
Espagne 1 poule / ligue poule / ligue 24-25 Girona
63%
France 2 huitième huitième 24-25 LOSC Lille
63%
France 1 poule / ligue poule / ligue 23-24 RC Lens
63%
Suisse 3 poule / ligue poule / ligue 24-25 Young Boys
63%
Angleterre 1 - - 24-25 Aston Villa
50%
Italie 1 poule / ligue poule / ligue 24-25 Bologne
50%
Portugal 1 poule / ligue poule / ligue 23-24 Braga
50%
Croatie 1 poule / ligue poule / ligue 24-25 Dinamo Zagreb
50%
Danemark 3 huitième poule / ligue 25-26 FC Copenhague
50%
Pays-Bas 2 huitième poule / ligue 24-25 Feyenoord
50%
Norvège 1 - - 25-26 FK Bodø/Glimt
50%
Kazakhstan 1 - - 25-26 Kaïrat Almaty
50%
Italie 2 huitième huitième 23-24 Lazio
50%
Israël 1 poule / ligue poule / ligue 22-23 Maccabi Haïfa
50%
Angleterre 2 poule / ligue poule / ligue 25-26 Newcastle United
50%
Chypre 1 - - 25-26 Pafos FC
50%
Écosse 1 poule / ligue poule / ligue 22-23 Rangers
50%
Ukraine 5 poule / ligue poule / ligue 24-25 Shakhtar Donetsk
50%
France 1 poule / ligue poule / ligue 20-21 Stade Rennais
50%
Angleterre 2 huitième huitième 25-26 Tottenham
50%
Allemagne 1 poule / ligue poule / ligue 23-24 Union Berlin
50%
Allemagne 1 poule / ligue poule / ligue 24-25 VfB Stuttgart
50%
Turquie 1 poule / ligue poule / ligue 21-22 Beşiktaş
38%
Ukraine 2 poule / ligue poule / ligue 21-22 Dynamo Kiev
38%
Serbie 2 poule / ligue poule / ligue 24-25 Étoile rouge de Belgrade
38%
Espagne 1 huitième huitième 23-24 Real Sociedad
38%
République Tchèque 1 poule / ligue poule / ligue 24-25 Sparta Prague
38%
Belgique 1 - - 25-26 Union Saint-Gilloise
38%
Espagne 2 demi demi 25-26 Villarreal
38%
Allemagne 2 huitième huitième 25-26 Eintracht Francfort
25%
Danemark 1 poule / ligue poule / ligue 20-21 FC Midtjylland
25%
Moldavie 1 poule / ligue poule / ligue 21-22 FC Sheriff
25%
Russie 1 poule / ligue poule / ligue 20-21 Lokomotiv Moscou
25%
Azerbaïdjan 1 - - 25-26 Qarabağ FK
25%
République Tchèque 1 - - 25-26 Slavia Prague
25%
Slovaquie 1 poule / ligue poule / ligue 24-25 Slovan Bratislava
25%
Allemagne 1 poule / ligue poule / ligue 21-22 Wolfsburg
25%
Russie 2 poule / ligue poule / ligue 21-22 Zénith Saint-Pétersbourg
25%
Turquie 1 poule / ligue poule / ligue 20-21 Başakşehir
13%
Allemagne 1 huitième huitième 20-21 Borussia Mönchengladbach
13%
Russie 1 poule / ligue poule / ligue 20-21 FC Krasnodar
13%
Hongrie 1 poule / ligue poule / ligue 20-21 Ferencváros
13%
Suède 1 poule / ligue poule / ligue 21-22 Malmö FF
13%
Grèce 2 poule / ligue poule / ligue 25-26 Olympiacos
13%
Belgique 1 poule / ligue poule / ligue 23-24 Royal Antwerp
13%
Autriche 1 poule / ligue poule / ligue 24-25 Sturm Graz
13%
République Tchèque 1 poule / ligue poule / ligue 22-23 Viktoria Plzeň
13%
Aucun quiz correspondant
Distribution des résultats
% des personnes avec chaque résultat
Percentile par nombre de réponses
Votre historique - résultats
Vous n’avez pas pris ce quiz depuis la dernière actualisation